Home advantage : (Record no. 6446)

MARC details
000 -LEADER
fixed length control field 01352cam a2200361 a 4500
001 - CONTROL NUMBER
control field 565126
003 - CONTROL NUMBER IDENTIFIER
control field OSt
005 - DATE AND TIME OF LATEST TRANSACTION
control field 20200122114811.0
008 - FIXED-LENGTH DATA ELEMENTS--GENERAL INFORMATION
fixed length control field 890519s1989 enk b 001 0 eng
010 ## - LIBRARY OF CONGRESS CONTROL NUMBER
LC control number 89032718
020 ## - INTERNATIONAL STANDARD BOOK NUMBER
International Standard Book Number 1850003122
020 ## - INTERNATIONAL STANDARD BOOK NUMBER
International Standard Book Number 1850003173 (pbk.)
040 ## - CATALOGING SOURCE
Original cataloging agency DLC
Transcribing agency DLC
Modifying agency DLC
043 ## - GEOGRAPHIC AREA CODE
Geographic area code n-us---
050 00 - LIBRARY OF CONGRESS CALL NUMBER
Classification number LC225.3
Item number .L37 1989
082 00 - DEWEY DECIMAL CLASSIFICATION NUMBER
Classification number 303.32
Edition number 20
Item number LAR 1989
100 1# - MAIN ENTRY--PERSONAL NAME
Personal name Lareau, Annette.
9 (RLIN) 5711
245 10 - TITLE STATEMENT
Title Home advantage :
Remainder of title social class and parental intervention in elementary education /
Statement of responsibility, etc. Annette Lareau.
260 ## - PUBLICATION, DISTRIBUTION, ETC. (IMPRINT)
Place of publication, distribution, etc. London ;
-- New York :
Name of publisher, distributor, etc. Falmer Press,
Date of publication, distribution, etc. 1989.
300 ## - PHYSICAL DESCRIPTION
Extent viii, 252 p. ;
Dimensions 25 cm.
440 #0 - SERIES STATEMENT/ADDED ENTRY--TITLE
Title Education policy perspectives.
Name of part/section of a work Social analysis series
9 (RLIN) 13251
500 ## - GENERAL NOTE
General note "Education policy perspectives series"--Jkt.
500 ## - GENERAL NOTE
General note Includes index.
504 ## - BIBLIOGRAPHY, ETC. NOTE
Bibliography, etc Bibliography: p. 225-241.
650 #0 - SUBJECT ADDED ENTRY--TOPICAL TERM
Topical term or geographic name as entry element Home and school
Geographic subdivision United States.
9 (RLIN) 13252
650 #0 - SUBJECT ADDED ENTRY--TOPICAL TERM
Topical term or geographic name as entry element Social classes
Geographic subdivision United States.
9 (RLIN) 13253
650 #0 - SUBJECT ADDED ENTRY--TOPICAL TERM
Topical term or geographic name as entry element Education, Elementary
General subdivision Parent participation
Geographic subdivision United States.
9 (RLIN) 13254
650 #0 - SUBJECT ADDED ENTRY--TOPICAL TERM
Topical term or geographic name as entry element Education, Elementary
General subdivision Research
Geographic subdivision United States.
9 (RLIN) 13255
730 0# - ADDED ENTRY--UNIFORM TITLE
Uniform title Education policy perspectives series.
9 (RLIN) 13256
906 ## - LOCAL DATA ELEMENT F, LDF (RLIN)
a 7
b cbc
c orignew
d 1
e ocip
f 19
g y-gencatlg
942 ## - ADDED ENTRY ELEMENTS (KOHA)
Source of classification or shelving scheme Dewey Decimal Classification
Koha item type Open Shelf
Holdings
Withdrawn status Lost status Source of classification or shelving scheme Damaged status Not for loan Home library Current library Date acquired Source of acquisition Inventory number Total Checkouts Full call number Barcode Date last seen Price effective from Koha item type
    Dewey Decimal Classification     MUST Main Library MUST Main Library 22/01/2020 Purchase 2011/34317   303.32 LAR 1989 2020-0069 22/01/2020 22/01/2020 Open Shelf